[Event "SBDU-ch"]
[Site "Duisburg"]
[Date "2013.11.29"]
[Round "6"]
[White "Schultke, Alfred"]
[Black "Zielinski, Werner"]
[Result "1/2-1/2"]
[WhiteElo "1814"]
[BlackElo "1955"]
[PlyCount "34"]
[EventDate "2013.09.13"]
[EventType "swiss"]
[EventRounds "7"]
[EventCountry "GER"]
[SourceTitle "EXT 2015"]
[Source "ChessBase"]
[SourceDate "2014.11.20"]
[SourceVersion "1"]
[SourceVersionDate "2014.11.20"]
[SourceQuality "1"]

1. f4 Nf6 2. Nf3 g6 3. d3 d5 4. e3 Bg7 5. Be2 c5 6. 0-0 0-0 7. a4 Nc6 8. Qe1 Qc7 9. Qg3 Re8 10. Ne5 Nd7 11. Nxc6 bxc6 12. Nd2 Rb8 13. Rb1 Nf6 14. b3 e5 15. fxe5 Qxe5 16. Qxe5 Rxe5 17. e4 Re8 1/2-1/2